|
|
|
|
| LEADER |
00945nab a2200241 i 4500 |
| 001 |
misc61978 |
| 005 |
20230301120339.0 |
| 008 |
230124s1967 hu o 0|| hun d |
| 022 |
|
|
|a 0001-6446
|
| 040 |
|
|
|a SZTE Miscellanea Repozitórium
|b hun
|
| 041 |
|
|
|a hun
|
| 100 |
2 |
|
|a Katonáné Palló Margit
|
| 245 |
1 |
0 |
|a Zu den ältesten alttürkischen verbalen Entlehnungen der ungarischen Sprache
|h [elektronikus dokumentum] /
|c Katonáné Palló Margit
|
| 260 |
|
|
|a Akadémiai Kiadó
|b Budapest
|c 1967
|
| 300 |
|
|
|a 111-118
|c 25 cm
|
| 300 |
|
|
|a [8] p.
|c 25 cm
|
| 490 |
0 |
|
|a Acta Orientalia Academiae Scientiarum Hungaricae;Acta Orientalia Academiae Scientiarum Hungaricae
|
| 561 |
|
|
|a Németh Gyula hagyaték
|
| 591 |
|
|
|a LOA 2711; NOA 4511
|
| 650 |
|
4 |
|a Bölcsészettudományok
|
| 650 |
|
4 |
|a Nyelvek és irodalom
|
| 695 |
|
|
|a Magyar nyelv - török jövevényszavak
|
| 856 |
4 |
0 |
|u http://misc.bibl.u-szeged.hu/61978/1/4511_noa.pdf
|z Dokumentum-elérés
|